[Event "HUN-chT2 Breyer 0809"]
[Site "Hungary"]
[Date "2008.11.02"]
[Round "2"]
[White "Kovacs, Geza"]
[Black "Zsedely, Ferenc"]
[Result "1-0"]
[WhiteElo "2092"]
[BlackElo "2015"]
[PlyCount "69"]
[EventDate "2008.10.26"]
[EventType "team-tourn"]
[EventRounds "11"]
[EventCountry "HUN"]
[SourceTitle "EXT 2010"]
[Source "ChessBase"]
[SourceDate "2010.11.25"]
[SourceVersion "1"]
[SourceVersionDate "2010.11.25"]
[SourceQuality "1"]
[WhiteTeam "Esztergom"]
[BlackTeam "Vertesi Eromu"]
[WhiteTeamCountry "HUN"]
[BlackTeamCountry "HUN"]

1. e4 e6 2. d4 c5 3. d5 Nf6 4. Nc3 Qa5 5. Bd2 Qb6 6. Bc4 a6 7. Nf3 exd5 8. exd5 Bd6 9. 0-0 0-0 10. Rb1 Qc7 11. Bg5 Ng4 12. h3 Ne5 13. Nxe5 Bxe5 14. Be7 d6 15. Bxf8 Kxf8 16. a4 Qe7 17. Qh5 g6 18. Qh6+ Kg8 19. Rfe1 Bf5 20. Bd3 Qd7 21. f4 Bg7 22. Qg5 Bd4+ 23. Kh2 Bxd3 24. cxd3 f6 25. Qg4 f5 26. Qe2 b5 27. axb5 axb5 28. Qe8+ Qxe8 29. Rxe8+ Kf7 30. Rbe1 Be5 31. R8xe5 dxe5 32. fxe5 b4 33. Nb5 Ra2 34. e6+ Ke8 35. e7 1-0

[Event "HUN-chT2 Breyer 0607"]
[Site "Hungary"]
[Date "2007.05.20"]
[Round "11"]
[White "Zsedely, Ferenc"]
[Black "Balog, Tamas"]
[Result "0-1"]
[WhiteElo "2074"]
[BlackElo "2010"]
[PlyCount "122"]
[EventDate "2006.11.12"]
[EventType "team"]
[EventRounds "11"]
[EventCountry "HUN"]
[SourceTitle "EXT 2008"]
[Source "ChessBase"]
[SourceDate "2007.11.25"]
[SourceVersion "1"]
[SourceVersionDate "2007.11.25"]
[SourceQuality "1"]
[WhiteTeam "Vertesi Eromu"]
[BlackTeam "Zsambek"]
[WhiteTeamCountry "HUN"]
[BlackTeamCountry "HUN"]

1. e4 c6 2. d4 d5 3. Nc3 dxe4 4. Nxe4 Bf5 5. Ng3 Bg6 6. h4 h6 7. Nf3 Nd7 8. h5 Bh7 9. Bd3 Bxd3 10. Qxd3 Qc7 11. Rh4 e6 12. Ne4 Ngf6 13. Bf4 Qa5+ 14. Bd2 Qb5 15. c4 Qxb2 16. Rb1 Qxa2 17. Rxb7 Qa6 18. Rb3 Be7 19. Ne5 Nxe5 20. dxe5 Qa1+ 21. Rb1 Qxe5 22. Bc3 Qc7 23. Bxf6 gxf6 24. Rh3 f5 25. Qc3 e5 26. Ng3 a5 27. c5 a4 28. Nxf5 a3 29. Ra1 a2 30. Re3 f6 31. Qc4 Qa5+ 32. Rc3 Qa4 33. Qe6 Qe4+ 34. Kf1 Qb1+ 35. Rc1 Qd3+ 36. Kg1 Qd7 37. Nd6+ Kd8 38. Nf7+ Ke8 39. Qxd7+ Kxd7 40. Nxh8 Rxh8 41. Rxa2 Rc8 42. Ra7+ Ke6 43. f4 e4 44. f5+ Kf7 45. Re1 Kf8 46. Rxe7 Kxe7 47. Rxe4+ Kf7 48. Re6 Rc7 49. Kf2 Rc8 50. Kf3 Rc7 51. Rd6 Ke7 52. Ke4 Rc8 53. Re6+ Kf7 54. Kd4 Rc7 55. Kc4 Rc8 56. Rd6 Ke7 57. Rd3 Rg8 58. Rd6 Rc8 59. Kb4 Rb8+ 60. Ka5 Rb5+ 61. Ka6 Rxc5 0-1

[Event "HUN-chT2 Breyer 0607"]
[Site "Hungary"]
[Date "2007.04.15"]
[Round "8"]
[White "Havaskori, Laszlo"]
[Black "Zsedely, Ferenc"]
[Result "1-0"]
[WhiteElo "2002"]
[BlackElo "2074"]
[PlyCount "37"]
[EventDate "2006.11.12"]
[EventType "team"]
[EventRounds "11"]
[EventCountry "HUN"]
[SourceTitle "EXT 2008"]
[Source "ChessBase"]
[SourceDate "2007.11.25"]
[SourceVersion "1"]
[SourceVersionDate "2007.11.25"]
[SourceQuality "1"]
[WhiteTeam "Penzugyor II"]
[BlackTeam "Vertesi Eromu"]
[WhiteTeamCountry "HUN"]
[BlackTeamCountry "HUN"]

1. d4 e5 2. dxe5 Nc6 3. Nf3 h6 4. Nc3 Bc5 5. e3 a6 6. Bc4 Nge7 7. a3 b5 8. Ba2 Bb7 9. b4 Bb6 10. Bb2 0-0 11. Qd3 a5 12. Ne4 Kh8 13. h4 axb4 14. Neg5 Ng6 15. Bxf7 Nce7 16. Bxg6 bxa3 17. Rxa3 b4 18. Bf7 Nf5 19. Qxf5 1-0

[Event "HUN-chT2 Breyer 0607"]
[Site "Hungary"]
[Date "2007.03.25"]
[Round "7"]
[White "Lajos, Janos"]
[Black "Zsedely, Ferenc"]
[Result "0-1"]
[WhiteElo "2330"]
[BlackElo "2074"]
[PlyCount "66"]
[EventDate "2006.11.12"]
[EventType "team"]
[EventRounds "11"]
[EventCountry "HUN"]
[SourceTitle "EXT 2008"]
[Source "ChessBase"]
[SourceDate "2007.11.25"]
[SourceVersion "1"]
[SourceVersionDate "2007.11.25"]
[SourceQuality "1"]
[WhiteTeam "Szentendre"]
[BlackTeam "Vertesi Eromu"]
[WhiteTeamCountry "HUN"]
[BlackTeamCountry "HUN"]

1. e4 e6 2. d4 c5 3. d5 Nf6 4. dxe6 fxe6 5. Bd3 Nc6 6. c3 Be7 7. f4 0-0 8. Nf3 d5 9. e5 Ng4 10. Ng5 Bxg5 11. Qxg4 Bh6 12. 0-0 Nxe5 13. Qe2 Nxd3 14. Qxd3 Qb6 15. Kh1 Bd7 16. a4 c4 17. Qh3 Rf7 18. Ra2 e5 19. Qf3 Bc6 20. Qe2 exf4 21. a5 Qc7 22. Nd2 Re8 23. Qf2 a6 24. Nf3 Re4 25. Nd4 Qe5 26. Bd2 Bd7 27. Raa1 Bg4 28. Qh4 Bd7 29. Rae1 Bg5 30. Qh5 Qe7 31. g3 g6 32. Qf3 Bh3 33. Rg1 fxg3 0-1

[Event "HUN-chT2 Breyer 0607"]
[Site "Hungary"]
[Date "2006.12.17"]
[Round "4"]
[White "Zsedely, Ferenc"]
[Black "Bodnar, Zoltan"]
[Result "1-0"]
[WhiteElo "2074"]
[BlackElo "2152"]
[PlyCount "103"]
[EventDate "2006.11.12"]
[EventType "team"]
[EventRounds "11"]
[EventCountry "HUN"]
[SourceTitle "EXT 2008"]
[Source "ChessBase"]
[SourceDate "2007.11.25"]
[SourceVersion "1"]
[SourceVersionDate "2007.11.25"]
[SourceQuality "1"]
[WhiteTeam "Vertesi Eromu"]
[BlackTeam "Balatonfuered"]
[WhiteTeamCountry "HUN"]
[BlackTeamCountry "HUN"]

1. e4 c5 2. Nf3 d6 3. d4 cxd4 4. Nxd4 Nf6 5. Nc3 Nc6 6. Bg5 e6 7. Qd2 Be7 8. 0-0-0 0-0 9. Be2 Nxd4 10. Qxd4 Nxe4 11. Nxe4 Bxg5+ 12. Nxg5 Qxg5+ 13. f4 Qa5 14. a3 d5 15. Rd3 Bd7 16. Rg3 f6 17. Rd1 Rac8 18. Qe3 Qc5 19. Qd2 Ba4 20. Rc3 Qd6 21. Rxc8 Rxc8 22. Bd3 Qc7 23. Re1 Bd7 24. Kb1 b5 25. g4 a5 26. f5 e5 27. g5 Qc6 28. gxf6 Qxf6 29. Bxb5 Bxb5 30. Qxd5+ Kh8 31. Qxb5 Qxf5 32. Re2 Qf1+ 33. Ka2 Qf7+ 34. b3 e4 35. Qxa5 h6 36. Qb4 Qf3 37. Qd2 Qh1 38. a4 Rf8 39. Qb4 Rf1 40. Qxe4 Ra1+ 41. Kb2 Qc1+ 42. Kc3 Ra2 43. Qd3 Qa1+ 44. Kb4 Kg8 45. Re8+ Kf7 46. Qd7+ Kg6 47. Re6+ Kh7 48. Qd3+ Kg8 49. Qd8+ Kh7 50. Qd5 Qf1 51. Qe4+ Kg8 52. Re8+ 1-0

[Event "HUN-chT2 Breyer 0607"]
[Site "Hungary"]
[Date "2006.11.26"]
[Round "2"]
[White "Zsedely, Ferenc"]
[Black "Kovacs, David"]
[Result "0-1"]
[WhiteElo "2074"]
[BlackElo "2085"]
[PlyCount "92"]
[EventDate "2006.11.12"]
[EventType "team"]
[EventRounds "11"]
[EventCountry "HUN"]
[SourceTitle "EXT 2008"]
[Source "ChessBase"]
[SourceDate "2007.11.25"]
[SourceVersion "1"]
[SourceVersionDate "2007.11.25"]
[SourceQuality "1"]
[WhiteTeam "Vertesi Eromu"]
[BlackTeam "Geniusz Tata"]
[WhiteTeamCountry "HUN"]
[BlackTeamCountry "HUN"]

1. e4 c5 2. Nf3 Nc6 3. d4 cxd4 4. Nxd4 Nf6 5. Nc3 e5 6. Ndb5 d6 7. Bg5 a6 8. Na3 b5 9. Nd5 Be7 10. Bxf6 Bxf6 11. c4 b4 12. Nc2 a5 13. Nce3 Bg5 14. a3 bxa3 15. Rxa3 Rb8 16. Qd2 0-0 17. h4 Bxh4 18. g3 Bf6 19. Be2 Nd4 20. Nxf6+ Qxf6 21. Nd5 Qd8 22. g4 Rb3 23. Rxb3 Nxb3 24. Qe3 Nd4 25. Kf1 Ne6 26. Rh5 Bb7 27. Bd3 f6 28. Qh3 h6 29. Ne3 Nf4 30. Qh1 Nxh5 31. Qxh5 Bc8 32. c5 dxc5 33. Bc4+ Kh8 34. Bd5 Qe8 35. Qh3 Be6 36. Kg2 Bxd5 37. exd5 Qd7 38. Qh5 Rb8 39. Qg6 Qe8 40. Qc2 Rb5 41. Nf5 Qd7 42. Qc4 Rb4 43. Qxc5 Rxg4+ 44. Ng3 Rd4 45. Qf8+ Kh7 46. d6 Qxd6 0-1

[Event "HUN-chT2 Breyer 0506"]
[Site "Hungary"]
[Date "2006.04.09"]
[Round "10"]
[White "Revesz, Zoltan"]
[Black "Zsedely, Ferenc"]
[Result "1-0"]
[WhiteElo "2170"]
[BlackElo "2067"]
[PlyCount "83"]
[EventDate "2005.10.16"]
[EventType "team"]
[EventRounds "11"]
[EventCountry "HUN"]
[SourceTitle "EXT 2009"]
[Source "ChessBase"]
[SourceDate "2008.11.26"]
[SourceVersion "1"]
[SourceVersionDate "2008.11.26"]
[SourceQuality "1"]
[WhiteTeam "Barcza"]
[BlackTeam "Vertesi Eromu"]
[WhiteTeamCountry "HUN"]
[BlackTeamCountry "HUN"]

1. e4 g6 2. d4 Bg7 3. Nc3 c5 4. Nf3 cxd4 5. Nxd4 Nc6 6. Be3 a6 7. a4 Nf6 8. Be2 d5 9. exd5 Nxd5 10. Nxd5 Qxd5 11. Bf3 Qa5+ 12. c3 Nxd4 13. Bxd4 e5 14. Be3 0-0 15. 0-0 Qc7 16. a5 Qe7 17. Ra4 Bd7 18. Re4 Bb5 19. Re1 Rfd8 20. Qb3 Rd7 21. Bb6 Kh8 22. Rd4 Re8 23. Rxd7 Qxd7 24. Rd1 Qe7 25. Bd5 Be2 26. Re1 Bd3 27. Bxf7 Rf8 28. Bc4 Bf5 29. Bd5 h5 30. Qb4 Qd7 31. c4 e4 32. Bd4 Re8 33. Bxg7+ Kxg7 34. Qxb7 Qxb7 35. Bxb7 Rb8 36. Bxa6 Rxb2 37. Ra1 e3 38. f3 Bd3 39. Bb5 e2 40. Kf2 Rd2 41. Ke1 Rc2 42. a6 1-0

[Event "HUN-chT2 Breyer 0506"]
[Site "Hungary"]
[Date "2006.03.19"]
[Round "9"]
[White "Zsedely, Ferenc"]
[Black "Steiger, Bela"]
[Result "1-0"]
[WhiteElo "2067"]
[BlackElo "2236"]
[PlyCount "59"]
[EventDate "2005.10.16"]
[EventType "team"]
[EventRounds "11"]
[EventCountry "HUN"]
[SourceTitle "EXT 2009"]
[Source "ChessBase"]
[SourceDate "2008.11.26"]
[SourceVersion "1"]
[SourceVersionDate "2008.11.26"]
[SourceQuality "1"]
[WhiteTeam "Vertesi Eromu"]
[BlackTeam "Hobagoly"]
[WhiteTeamCountry "HUN"]
[BlackTeamCountry "HUN"]

1. e4 c5 2. Nf3 Nc6 3. d4 cxd4 4. Nxd4 Nf6 5. Nc3 d6 6. Bg5 e6 7. Qd2 a6 8. 0-0-0 Bd7 9. f4 Be7 10. Nb3 Qc7 11. Be2 Rc8 12. Rhf1 b5 13. Bxf6 gxf6 14. f5 b4 15. fxe6 fxe6 16. Bh5+ Kd8 17. Ne2 Ne5 18. Nf4 Nc4 19. Qd3 Ne3 20. Nd4 Qc4 21. Qxe3 e5 22. Nde6+ Bxe6 23. Nxe6+ Qxe6 24. Qb6+ Kd7 25. Qxa6 Rhg8 26. Rf2 f5 27. Kb1 Qh6 28. Qb5+ Kd8 29. Bf7 Rg7 30. Qe8+ 1-0

[Event "HUN-chT2 Breyer 0506"]
[Site "Hungary"]
[Date "2005.10.16"]
[Round "1"]
[White "Zsedely, Ferenc"]
[Black "Balazs, Andras"]
[Result "1-0"]
[WhiteElo "2067"]
[BlackElo "2077"]
[PlyCount "65"]
[EventDate "2005.10.16"]
[EventType "team"]
[EventRounds "11"]
[EventCountry "HUN"]
[SourceTitle "EXT 2009"]
[Source "ChessBase"]
[SourceDate "2008.11.26"]
[SourceVersion "1"]
[SourceVersionDate "2008.11.26"]
[SourceQuality "1"]
[WhiteTeam "Vertesi Eromu"]
[BlackTeam "Zoltek"]
[WhiteTeamCountry "HUN"]
[BlackTeamCountry "HUN"]

1. e4 c5 2. Nf3 d6 3. d4 cxd4 4. Nxd4 Nf6 5. Nc3 a6 6. Bg5 e6 7. Qd2 Be7 8. 0-0-0 Qc7 9. f4 Nbd7 10. Be2 Rb8 11. f5 Nc5 12. Bxf6 Bxf6 13. fxe6 fxe6 14. Bh5+ g6 15. Bg4 Qe7 16. Nf3 0-0 17. h4 Bxc3 18. Qxc3 Nxe4 19. Qe3 d5 20. h5 g5 21. Kb1 Rf4 22. Ne5 Qc7 23. g3 Rf2 24. Nd3 Qxc2+ 25. Ka1 Rf6 26. Rc1 Qa4 27. Qa7 Nd2 28. Bd1 Qe4 29. Qxb8 Qxh1 30. Qxc8+ Kg7 31. Qd7+ Rf7 32. Qxe6 Qe4 33. h6+ 1-0

[Event "HUN-chT2 Breyer 0405"]
[Site "Hungary"]
[Date "2005.03.06"]
[Round "9"]
[White "Zsedely, Ferenc"]
[Black "Meixner, Ferenc"]
[Result "0-1"]
[WhiteElo "2056"]
[BlackElo "2180"]
[PlyCount "120"]
[EventDate "2004.09.26"]
[EventType "team"]
[EventRounds "11"]
[EventCountry "HUN"]
[SourceTitle "EXT 2009"]
[Source "ChessBase"]
[SourceDate "2008.11.26"]
[SourceVersion "1"]
[SourceVersionDate "2008.11.26"]
[SourceQuality "1"]
[WhiteTeam "Turul"]
[BlackTeam "Zoltek"]
[WhiteTeamCountry "HUN"]
[BlackTeamCountry "HUN"]

1. e4 c5 2. Nf3 e6 3. d4 cxd4 4. Nxd4 Nf6 5. Nc3 Nc6 6. Be3 Bb4 7. Bd3 d5 8. Nxc6 bxc6 9. e5 d4 10. exf6 dxc3 11. b3 Qxf6 12. Qg4 a5 13. Bd4 e5 14. Qe4 Bf5 15. Qe3 Bxd3 16. Bxe5 Qe7 17. cxd3 c2+ 18. Ke2 Ba3 19. Bxg7 Qxe3+ 20. Kxe3 Rg8 21. Be5 Kd7 22. Kf3 c1Q 23. Raxc1 Bxc1 24. Rxc1 a4 25. b4 Rge8 26. Bf4 Re6 27. Rc5 Re1 28. a3 Ra1 29. Bc1 Re8 30. b5 cxb5 31. Bb2 Rd1 32. Rxb5 Rxd3+ 33. Kf4 Rb3 34. Rd5+ Kc6 35. Rd2 Re1 36. Rc2+ Kd5 37. Bc3 Rg1 38. Bb4 Rxg2 39. h4 Rh3 40. h5 Ke6 41. h6 Rg6 42. Bf8 Kd5 43. Rc5+ Kd4 44. Rc7 Rf6+ 45. Kg4 Rff3 46. Ra7 Kd3 47. Rxa4 f5+ 48. Kg5 Rxf2 49. Ra7 Rg3+ 50. Kf6 Rg6+ 51. Ke5 Re2+ 52. Kd5 f4 53. Rxh7 Rf6 54. Bd6 f3 55. Rb7 f2 56. h7 f1Q 57. Rb3+ Kc2 58. h8Q Qd1+ 59. Kc4 Re4+ 60. Kb5 Qd5+ 0-1

[Event "HUN-chT2 Breyer 0405"]
[Site "Hungary"]
[Date "2005.01.23"]
[Round "6"]
[White "Barabas, Attila"]
[Black "Zsedely, Ferenc"]
[Result "1-0"]
[WhiteElo "2140"]
[BlackElo "2056"]
[PlyCount "103"]
[EventDate "2004.09.26"]
[EventType "team"]
[EventRounds "11"]
[EventCountry "HUN"]
[SourceTitle "EXT 2009"]
[Source "ChessBase"]
[SourceDate "2008.11.26"]
[SourceVersion "1"]
[SourceVersionDate "2008.11.26"]
[SourceQuality "1"]
[WhiteTeam "Vertesi Eromu"]
[BlackTeam "Turul"]
[WhiteTeamCountry "HUN"]
[BlackTeamCountry "HUN"]

1. d4 c5 2. d5 b5 3. e4 Nf6 4. e5 Ne4 5. f3 Qa5+ 6. c3 Nxc3 7. bxc3 d6 8. exd6 exd6 9. Qe2+ Kd8 10. Qxb5 Qc7 11. c4 Qe7+ 12. Be2 Nd7 13. Qa5+ Nb6 14. Qc3 h6 15. Bd2 Ba6 16. Na3 Rg8 17. Qe3 Qf6 18. Bc3 Qg6 19. g3 Be7 20. Nh3 Re8 21. Nf4 Qg5 22. 0-0 Bf6 23. Bxf6+ Qxf6 24. Qd2 g5 25. Ng2 Bc8 26. Rae1 Bh3 27. Rf2 Kd7 28. Bf1 Rxe1 29. Nxe1 Bf5 30. Qb2 Qe7 31. Re2 Qf8 32. Qb5+ Kd8 33. Qb2 Nd7 34. Nb5 Rb8 35. Qa3 Rb7 36. Qa5+ Nb6 37. Nxa7 Bd7 38. Nc6+ Kc8 39. Rb2 Kc7 40. Qb5 Qe8 41. Ng2 Bc8 42. Re2 Qh8 43. Re7+ Bd7 44. Ne3 Qf6 45. Qb3 Kc8 46. Ng4 Qg6 47. Qe3 h5 48. Re8+ Kc7 49. Qe7 Nxd5 50. cxd5 Kb6 51. Qd8+ Rc7 52. Re7 1-0

[Event "HUN-chT2 Breyer 0304"]
[Site "Hungary"]
[Date "2004.04.18"]
[Round "11"]
[White "Zsedely, Ferenc"]
[Black "Bartos, Imre"]
[Result "0-1"]
[WhiteElo "2064"]
[BlackElo "2079"]
[PlyCount "96"]
[EventDate "2003.09.28"]
[EventType "team"]
[EventRounds "11"]
[EventCountry "HUN"]
[SourceTitle "EXT 2009"]
[Source "ChessBase"]
[SourceDate "2008.11.26"]
[SourceVersion "1"]
[SourceVersionDate "2008.11.26"]
[SourceQuality "1"]
[WhiteTeam "Turul"]
[BlackTeam "Husi II"]
[WhiteTeamCountry "HUN"]
[BlackTeamCountry "HUN"]

1. e4 c5 2. Nf3 e6 3. d4 cxd4 4. Nxd4 a6 5. Nc3 b5 6. a3 Bb7 7. Be3 d6 8. Bd3 Nf6 9. Qe2 Be7 10. 0-0 0-0 11. Rad1 Nbd7 12. f4 Qc7 13. f5 e5 14. Nb3 Nc5 15. Nxc5 dxc5 16. b3 Rac8 17. Qf3 c4 18. bxc4 bxc4 19. Be2 Bxa3 20. Bg5 Be7 21. Qg3 Nxe4 22. Nxe4 Bxe4 23. Bxe7 Qxe7 24. f6 Qc5+ 25. Kh1 Bg6 26. h4 Rc6 27. h5 Rxf6 28. Rxf6 gxf6 29. hxg6 hxg6 30. Bf3 Kg7 31. Bg4 Rh8+ 32. Bh3 a5 33. Rf1 a4 34. Qf3 f5 35. g4 f4 36. Kg2 Rd8 37. Qc3 Qd5+ 38. Rf3 Qd2+ 39. Kg1 Qd1+ 40. Bf1 Qd4+ 41. Kg2 Qd2+ 42. Kg1 Qd4+ 43. Kg2 e4 44. Qxd4+ Rxd4 45. Rxf4 a3 46. c3 Rd2+ 47. Kg1 a2 48. Bxc4 a1Q+ 0-1

[Event "HUN-chT2 Breyer 0304"]
[Site "Hungary"]
[Date "2004.01.25"]
[Round "6"]
[White "Zsedely, Ferenc"]
[Black "Fenyes, Gabor"]
[Result "1/2-1/2"]
[WhiteElo "2064"]
[BlackElo "2115"]
[PlyCount "124"]
[EventDate "2003.09.28"]
[EventType "team"]
[EventRounds "11"]
[EventCountry "HUN"]
[SourceTitle "EXT 2009"]
[Source "ChessBase"]
[SourceDate "2008.11.26"]
[SourceVersion "1"]
[SourceVersionDate "2008.11.26"]
[SourceQuality "1"]
[WhiteTeam "Turul"]
[BlackTeam "Szentendre"]
[WhiteTeamCountry "HUN"]
[BlackTeamCountry "HUN"]

1. e4 e5 2. Nf3 Nc6 3. d4 exd4 4. Nxd4 Bb4+ 5. c3 Bc5 6. Bc4 Nf6 7. 0-0 d6 8. Bg5 0-0 9. Bd5 Ne5 10. b4 Bb6 11. a4 c6 12. Bb3 h6 13. Bxf6 Qxf6 14. Nd2 Ng6 15. Nc4 Bc7 16. Ne3 Re8 17. Qf3 Qxf3 18. gxf3 Bh3 19. Rfe1 Ne5 20. Rad1 Bb6 21. f4 Bxd4 22. fxe5 Bxc3 23. Re2 Bxe5 24. Rd3 Be6 25. Bxe6 fxe6 26. Nc4 Bf4 27. Nxd6 Red8 28. e5 Rd7 29. Re4 Bg5 30. Rg4 Be7 31. Rgd4 Rad8 32. f4 Bxd6 33. Rxd6 Rxd6 34. exd6 Kf7 35. Kf2 Kf6 36. Kf3 e5 37. d7 exf4 38. Rd6+ Ke7 39. Rg6 Kf7 40. Rd6 g5 41. Kg4 Ke7 42. Rxh6 Rxd7 43. Kxg5 f3 44. Rh4 Ke6 45. Re4+ Kd5 46. Rf4 Rg7+ 47. Kh4 b6 48. Rxf3 c5 49. bxc5 bxc5 50. h3 c4 51. Kh5 Kd4 52. Kh6 Rg1 53. Rf4+ Kd3 54. Rf3+ Kc2 55. h4 Kb2 56. Rf7 c3 57. Rxa7 c2 58. Rc7 c1Q+ 59. Rxc1 Rxc1 60. h5 Kc3 61. Kg7 Rg1+ 62. Kf6 Rh1 1/2-1/2

[Event "HUN-chT2 Breyer 0304"]
[Site "Hungary"]
[Date "2003.11.16"]
[Round "3"]
[White "Benno, Pal"]
[Black "Zsedely, Ferenc"]
[Result "1-0"]
[WhiteElo "2199"]
[BlackElo "2064"]
[PlyCount "85"]
[EventDate "2003.09.28"]
[EventType "team"]
[EventRounds "11"]
[EventCountry "HUN"]
[SourceTitle "EXT 2009"]
[Source "ChessBase"]
[SourceDate "2008.11.26"]
[SourceVersion "1"]
[SourceVersionDate "2008.11.26"]
[SourceQuality "1"]
[WhiteTeam "Karpati"]
[BlackTeam "Turul"]
[WhiteTeamCountry "HUN"]
[BlackTeamCountry "HUN"]

1. d4 g6 2. c4 Bg7 3. Nc3 c5 4. d5 d6 5. e4 Nf6 6. Bd3 Na6 7. Nge2 Nb4 8. 0-0 Nxd3 9. Qxd3 Ng4 10. f4 f5 11. h3 fxe4 12. Nxe4 Nf6 13. N2g3 Nxe4 14. Qxe4 Bd4+ 15. Be3 Bf5 16. Nxf5 gxf5 17. Qd3 Bf6 18. Qxf5 Qc8 19. Qxc8+ Rxc8 20. Rab1 Rg8 21. g4 a6 22. Kh1 b5 23. b3 Kf7 24. g5 Bd4 25. Bd2 bxc4 26. bxc4 Rb8 27. f5 Rb2 28. Rxb2 Bxb2 29. Rb1 Bd4 30. Rb7 h6 31. h4 hxg5 32. hxg5 Rh8+ 33. Kg2 Be5 34. Kf3 Rh4 35. f6 Rxc4 36. fxe7 Ke8 37. g6 Bf6 38. Bf4 Rb4 39. Rxb4 cxb4 40. Bxd6 Bxe7 41. g7 Kf7 42. Bxe7 Kxg7 43. Bxb4 1-0

[Event "HUN-chT2 Breyer 0203"]
[Site "Hungary"]
[Date "2002.12.08"]
[Round "4"]
[White "Zsedely, Ferenc"]
[Black "Marodi, Matyas"]
[Result "0-1"]
[WhiteElo "2121"]
[BlackElo "2051"]
[PlyCount "50"]
[EventDate "2002.09.22"]
[EventType "team"]
[EventRounds "11"]
[EventCountry "HUN"]
[SourceTitle "EXT 2009"]
[Source "ChessBase"]
[SourceDate "2008.11.26"]
[SourceVersion "1"]
[SourceVersionDate "2008.11.26"]
[SourceQuality "1"]

1. e4 e6 2. d4 d5 3. Nd2 dxe4 4. Nxe4 Nd7 5. c3 Be7 6. Bd3 Ngf6 7. Nxf6+ Nxf6 8. Nf3 0-0 9. Qc2 b6 10. Bg5 h6 11. h4 Bb7 12. 0-0-0 Qd5 13. Bxf6 Bxf6 14. Be4 Qxe4 15. Qxe4 Bxe4 16. Ne1 c5 17. f3 Bd5 18. dxc5 bxc5 19. Kb1 Rab8 20. Rd3 Rfd8 21. g4 Bc4 22. Rxd8+ Rxd8 23. b3 Be2 24. Kc2 Rd1 25. Rg1 Bxh4 0-1

[Event "HUN-chT2 Breyer 0203"]
[Site "Hungary"]
[Date "2002.09.22"]
[Round "1"]
[White "Orosz, Andras"]
[Black "Zsedely, Ferenc"]
[Result "1-0"]
[WhiteElo "2262"]
[BlackElo "2121"]
[PlyCount "33"]
[EventDate "2002.09.22"]
[EventType "team"]
[EventRounds "11"]
[EventCountry "HUN"]
[SourceTitle "EXT 2009"]
[Source "ChessBase"]
[SourceDate "2008.11.26"]
[SourceVersion "1"]
[SourceVersionDate "2008.11.26"]
[SourceQuality "1"]

1. e4 g6 2. d4 Bg7 3. Nc3 c5 4. dxc5 b6 5. Be3 bxc5 6. Bxc5 Nc6 7. Qd2 Qa5 8. Ba3 Rb8 9. Bc4 Nd4 10. Qf4 Nxc2+ 11. Kd1 Bxc3 12. Qxb8 Kd8 13. Kxc2 Be1 14. Nf3 Bxf2 15. Qe5 Qa4+ 16. b3 f6 17. bxa4 1-0

[Event "HUN-chT2 0102"]
[Site "Hungary"]
[Date "2002.04.21"]
[Round "11"]
[White "Hera, Imre Jr"]
[Black "Zsedely, Ferenc"]
[Result "0-1"]
[WhiteElo "2326"]
[BlackElo "2049"]
[PlyCount "120"]
[EventDate "2001.??.??"]
[EventType "team"]
[EventRounds "11"]
[EventCountry "HUN"]
[SourceTitle "EXT 2004"]
[Source "ChessBase"]
[SourceDate "2003.11.25"]
[SourceVersion "1"]
[SourceVersionDate "2003.11.25"]
[SourceQuality "1"]

1. c4 e5 2. Nc3 Nc6 3. g3 Bb4 4. Bg2 f5 5. Nd5 Bc5 6. e3 Nf6 7. Ne2 Nxd5 8. cxd5 Nb4 9. d4 exd4 10. exd4 Bd6 11. a3 Na6 12. 0-0 Qf6 13. Re1 0-0 14. h4 h6 15. Bf4 c5 16. dxc6 bxc6 17. Bxd6 Qxd6 18. Nf4 Rb8 19. b4 Nc7 20. h5 Rf6 21. d5 c5 22. bxc5 Qxc5 23. Rc1 Qd6 24. Qc2 Nb5 25. Re8+ Rf8 26. Rxf8+ Qxf8 27. Ng6 Qxa3 28. Qxc8+ Rxc8 29. Rxc8+ Kf7 30. Rf8+ Qxf8 31. Nxf8 Kxf8 32. Bh3 Nd6 33. Kf1 Ke7 34. Ke2 Kf6 35. Ke3 Ke5 36. Bg2 Ne4 37. f4+ Kd6 38. g4 Nf6 39. g5 Nxd5+ 40. Kf3 a5 41. Bf1 Kc5 42. Bd3 Ne7 43. Ke3 d5 44. Bc2 Kc4 45. Kd2 d4 46. Bb1 a4 47. Ba2+ Kc5 48. Be6 a3 49. Kc2 Nd5 50. Kb3 Nxf4 51. gxh6 gxh6 52. Bxf5 Nxh5 53. Kxa3 Ng3 54. Bh3 d3 55. Kb2 Kd4 56. Kc1 Ke3 57. Kd1 h5 58. Be6 Ne4 59. Bb3 d2 60. Kc2 Nf2 0-1

[Event "HUN-chT2 0102"]
[Site "Hungary"]
[Date "2002.03.24"]
[Round "9"]
[White "Horvath, Andras"]
[Black "Zsedely, Ferenc"]
[Result "1-0"]
[WhiteElo "2299"]
[BlackElo "2049"]
[PlyCount "53"]
[EventDate "2001.??.??"]
[EventType "team"]
[EventRounds "11"]
[EventCountry "HUN"]
[SourceTitle "EXT 2004"]
[Source "ChessBase"]
[SourceDate "2003.11.25"]
[SourceVersion "1"]
[SourceVersionDate "2003.11.25"]
[SourceQuality "1"]

1. d4 g6 2. Nf3 Bg7 3. g3 Nf6 4. Bg2 c5 5. c4 cxd4 6. Nxd4 Nc6 7. Nxc6 bxc6 8. Nc3 Rb8 9. 0-0 h5 10. h3 Rb4 11. Qd3 Ba6 12. b3 d5 13. Ba3 Rb7 14. Na4 Nd7 15. Rad1 Ne5 16. Qe3 Qa5 17. cxd5 cxd5 18. Rxd5 Rb5 19. Rxb5 Bxb5 20. f4 Bxa4 21. bxa4 0-0 22. fxe5 Bxe5 23. Qc5 Qxa4 24. Qxe7 Bg7 25. Kh1 Kh7 26. Qb4 Qc2 27. Qe4 1-0

[Event "HUN-chT2 0102"]
[Site "Hungary"]
[Date "2002.03.03"]
[Round "8"]
[White "Dombai, Istvan"]
[Black "Zsedely, Ferenc"]
[Result "0-1"]
[WhiteElo "2233"]
[BlackElo "2049"]
[PlyCount "76"]
[EventDate "2001.??.??"]
[EventType "team"]
[EventRounds "11"]
[EventCountry "HUN"]
[SourceTitle "EXT 2004"]
[Source "ChessBase"]
[SourceDate "2003.11.25"]
[SourceVersion "1"]
[SourceVersionDate "2003.11.25"]
[SourceQuality "1"]

1. d4 g6 2. c4 Bg7 3. Nc3 c5 4. d5 d6 5. e4 Nf6 6. f4 h5 7. Nf3 Bg4 8. Bd3 Na6 9. e5 dxe5 10. fxe5 Bxf3 11. Qxf3 Ng4 12. e6 0-0 13. Qe2 f5 14. h3 Ne5 15. 0-0 Nxd3 16. Qxd3 Bd4+ 17. Kh1 Nb4 18. Qg3 Kh7 19. Ne2 Bf6 20. Nf4 Qe8 21. Qb3 a5 22. a4 g5 23. Ne2 Qg6 24. Bd2 f4 25. Bxb4 axb4 26. Nc1 Bd4 27. Nd3 Qe4 28. Rae1 Qf5 29. Qd1 Kh6 30. b3 Bc3 31. Re2 b6 32. Qc2 Rf6 33. Rf3 Rg8 34. a5 bxa5 35. Nxc5 g4 36. hxg4 hxg4 37. Rd3 Qh5+ 38. Kg1 g3 0-1